Stargate/Gwiezdne Wrota - Postacie/Bohaterowie Universum - Statystyki

Ogólne statystyki
  • Ten quiz został rozwiązany 4 razy
  • Średni wynik to 26 z 51
Statystyki odpowiedzi
Grupa Hint Odpowiedź % Poprawnych
Członkowie SG-1 Archeolog Doktor Daniel Jackson
100%
Dowódcy SGC 1997-2004 Generał George Hammond
100%
Członkowie SG-1 Oficer naukowa\Drugi dowódca Kapitan/Major/Podpułkownik Samantha Carter
100%
Członkowie SG-1 Jaffa Teal’c
100%
Członkowie ekspedycjiAtlantis 1 Dowódcaekspedycji Doktor Elizabeth Weir
75%
Personel SGC Główny lekarz SGC lata 1997-2003 Doktor Janet Fraiser
75%
Dowódcy SGC 2004-2005 Generał Jonathan "Jack" O'Neill
75%
Dowódcy SGC Dowódca kompleksu Cheyenne podczas pierwszej misji na Abydos Generał W.O. West
75%
Członkowie ekspedycji Atlantis 2 DowódcaWojskowy Major/Podpułkownik John Sheppard
75%
Członkowie SG-1 Pierwszy dowódca Pułkownik Jonathan "Jack" O'Neill
75%
Załoga Destiny Human Resources Camile Wray
50%
Załoga Destiny Córka Senatora Chloe Armstrong
50%
Członkowie pierwszej misji na Abydos Porucznik Charles Kawalsky
50%
Członkowie ekspedycji Atlantis Główny lekarz SGAlata 2004-2007 Doktor Carson Beckett
50%
Dowódcy SGC 2004 Doktor Elizabeth Weir
50%
Członkowie ekspedycji Atlantis Główny oficer Naukowy SGA Doktor Meredith Rodney McKay
50%
Załoga Destiny Główny Naukowiec Doktor Nicholas Rush
50%
Członkowie ekspedycji Atlantis Zastępca Głównego oficera Naukowego SGA Doktor Radek Zelenka
50%
Załoga Destiny Młody Geniusz Eli Wallace
50%
Dowódcy SGC 2005-2009(?) Generał Hank Landry
50%
Dowódcy SGC 2009(?)-???? Generał Samantha Carter
50%
Członkowie SG-1 Langarianin Jonas Quinn
50%
Personel SGC Pierwszy dowódca SG-2 Major Charles Kawalsky
50%
Członkowie SG-1 Ostatni dowódca Podpułkownik/Pułkownik Cameron Mitchell
50%
Członkowie ekspedycji Atlantis Oficer Wojskowy - członek AR1 Porucznik Aiden Ford
50%
Członkowie pierwszej misji na Abydos Porucznik Louis Ferretti
50%
Załoga Destiny Oficer Porucznik Matthew Scott
50%
Załoga Destiny Oficer Porucznik Tamara Johansen
50%
Dowódcy okrętów klasy Dedal Dowódca Korolev'a Pułkownik Chekov
50%
Członkowie ekspedycji Atlantis 2 Dowódca
ekspedycji
Pułkownik Samantha Carter
50%
Załoga Destiny Dowódca Pułkownik Everett Young
50%
Członkowie pierwszej misji na Abydos Pułkownik Jonathan "Jack" O'Neill
50%
Członkowie ekspedycji Atlantis 1 Dowódca Wojskowy Pułkownik Marshall Sumner
50%
Personel SGC Oficer NID Pułkownik Maybourne
50%
Dowódcy okrętów klasy Dedal Dowódca George'a Hammonda Pułkownik Samantha Carter
50%
Członkowie ekspedycji Atlantis 3 Dowódca ekspedycji Richard P. Woolsey
50%
Członkowie ekspedycji Atlantis "Obcy" członek AR-1 Ronon Dex
50%
Członkowie ekspedycji Atlantis "Obca" członek AR-1 Teyla Emmagan
50%
Członkowie SG-1 Była nosiciel Qetesh Vala Mal Doran
50%
Członkowie pierwszej misji na Abydos Doktor Daniel Jackson
25%
Członkowie ekspedycji Atlantis Główny lekarz SGAlata 2007-???? Doktor Jennifer Keller
25%
Członkowie ekspedycji Atlantis Zastępca Dowódcy Wojskowego 2005-???? Major Evan Lorne
25%
Dowódcy okrętów klasy Dedal Dowódca Sun Tzu Podpułkownik Yin
25%
Członkowie pierwszejmisji na Abydos Porucznik Brown
25%
Członkowie pierwszej misji na Abydos Porucznik Freeman
25%
Członkowie pierwszej misji na Abydos Porucznik Porro
25%
Członkowie pierwszej misji na Abydos Porucznik Reilly
25%
Dowódcy okrętów klasy Dedal Dowódca Apollo Pułkownik Abraham Ellis
25%
Dowódcy okrętów klasy Dedal Dowódca Odyssey Pułkownik Ian Davidson
25%
Dowódcy okrętów klasy Dedal Dowódca Dedala Pułkownik Steven Caldwell
25%
Personel SGC Obsługa Wrót Starszy Sierżant Walter Harriman
25%
Nie znaleziono quizów pasujących do podanych kryteriów
Rozkład punktacji
Procent ludzi z każdym wynikiem
Percentyl według liczby udzielonych odpowiedzi
Twoja historia wyników
Nie rozwiązałeś tego quizu